[Event "POL-chT2"]
[Site "Poronin POL"]
[Date "2016.09.04"]
[Round "2.26"]
[White "Piesik, Piotr"]
[Black "Zgadzaj, Rafal"]
[Result "1/2-1/2"]
[WhiteElo "2298"]
[BlackElo "2142"]
[EventDate "2016.09.02"]

1.Nf3 g6 2.e4 Bg7 3.d4 d6 4.g3 Nf6 5.Nbd2 O-O 6.Bg2 c6 7.O-O Qc7 8.a4 Nbd7
9.Qe2 e5 10.dxe5 dxe5 11.a5 Re8 12.Rd1 Bf8 13.Nc4 Nc5 14.Nfd2 Be6 15.Nf1 
b5 16.axb6 axb6 17.Rxa8 Rxa8 18.f4 Nfd7 19.f5 gxf5 20.exf5 Bxf5 21.b4 Ne6 
22.Nfe3 Bg6 23.Rxd7 Qxd7 24.Nxb6 Nd4 25.Qc4 Qa7 26.Nxa8 Qa1 27.Qf1 Qxa8 
28.c3 Nb3 29.Nc4 Nxc1 30.Qxc1 Bg7 31.Na5 e4 32.Qe3 Qe8 33.Nb3 Qe5 34.Nd4 
Qd5 35.h4 h5 36.Kf2 Kh7 37.Ne2 Qd3 38.Qxd3 exd3 39.Nd4 Bh6 40.Bxc6 Bd2 41.
b5 Bxc3 42.Ke3 Ba5 43.Nb3 Bb6+ 44.Kf3 Bf5 45.Be4 Kg6 46.Nd2 Ba5 47.Bxf5+ 
Kxf5 48.Nc4 Bc7 49.b6 Bxb6 50.Ke4 1/2-1/2

[Event "POL-chT2"]
[Site "Poronin POL"]
[Date "2016.09.04"]
[Round "2.27"]
[White "Malecki, Rafal"]
[Black "Paszewski, Mateusz"]
[Result "0-1"]
[WhiteElo "2027"]
[BlackElo "2272"]
[EventDate "2016.09.02"]

1.e4 c5 2.Nf3 Nc6 3.d4 cxd4 4.Nxd4 g6 5.Nc3 Bg7 6.Be3 Nf6 7.Be2 O-O 8.Nb3 
d6 9.O-O Be6 10.f4 Qc8 11.Kh1 Bg4 12.Bg1 Bxe2 13.Qxe2 Qg4 14.Qf2 Nh5 15.
Rad1 Bxc3 16.bxc3 f5 17.e5 dxe5 18.fxe5 f4 19.Qf3 Qxf3 20.gxf3 Rfd8 21.Bd4
Ng7 22.Rde1 Ne6 23.Re4 b6 24.h4 Rac8 25.Bg1 h6 26.Kg2 Kf7 27.a3 g5 28.hxg5
hxg5 29.c4 Kg6 30.Rfe1 Kf5 31.Bf2 Rd7 32.R1e2 Rd1 33.c5 bxc5 34.Nxc5 Nxc5 
35.Bxc5 Rd5 36.Bf2 Rxe5 37.Rxe5+ Nxe5 38.Bxa7 Rc4 39.Bb6 Ng6 40.Bf2 e5 41.
Be1 g4 42.fxg4+ Kxg4 43.Kh2 e4 44.c3 Ne5 45.Rg2+ Kf5 46.Re2 e3 47.Kh3 Nf3 
48.Kg2 Ke4 49.Kf1 Kd3 50.Ra2 Nxe1 51.Kxe1 f3 52.a4 f2+ 53.Kf1 Rg4 0-1

[Event "POL-chT2"]
[Site "Poronin POL"]
[Date "2016.09.04"]
[Round "2.28"]
[White "Ciesla, Adam"]
[Black "Sztwiertnia, Jan Krzysztof"]
[Result "1/2-1/2"]
[WhiteElo "2291"]
[BlackElo "2128"]
[EventDate "2016.09.02"]

1.e4 e5 2.Nf3 Nc6 3.Bc4 Bc5 4.c3 Nf6 5.d3 a6 6.Bb3 Ba7 7.Nbd2 d6 8.Nf1 O-O
9.Ng3 Be6 10.O-O Qe7 11.Re1 Rfe8 12.Bc2 h6 13.d4 Bg4 14.h3 Bxf3 15.Qxf3 
Nh7 16.Qg4 Qf6 17.Bb3 Kh8 18.Re3 exd4 19.Rf3 Qg6 20.Rxf7 Qxg4 21.hxg4 Ne5 
22.Rxc7 Nxg4 23.f3 dxc3+ 24.Kf1 Ne3+ 25.Ke2 Nxg2 26.Nf5 d5 27.Kf1 dxe4 28.
Kxg2 exf3+ 29.Kxf3 Rf8 30.Ke4 Rae8+ 31.Ne7 Bb6 32.Kd3 Rf3+ 33.Kc2 Rf2+ 34.
Kxc3 Rf3+ 35.Kc2 Rxb3 36.Rxb7 Rb5 37.Bd2 1/2-1/2

[Event "POL-chT2"]
[Site "Poronin POL"]
[Date "2016.09.04"]
[Round "2.29"]
[White "Szajda, Marcin"]
[Black "Tomaszewski, Roman"]
[Result "0-1"]
[WhiteElo "2033"]
[BlackElo "2296"]
[EventDate "2016.09.02"]

1.e4 c6 2.d4 d5 3.exd5 cxd5 4.Bd3 Nc6 5.c3 g6 6.Bf4 Bg7 7.h3 f6 8.Ne2 e5 
9.Bh2 Nge7 10.O-O O-O 11.Qb3 Kh8 12.Na3 Na5 13.Qd1 Be6 14.Rc1 Rc8 15.Qd2 
a6 16.Rce1 e4 17.Bb1 b5 18.f3 f5 19.fxe4 dxe4 20.g4 fxg4 21.hxg4 Bxg4 22.
Bxe4 Qd7 23.Qg5 Bf5 24.Bg2 Rce8 25.Ng3 b4 26.Nxf5 Nxf5 27.Nc2 bxc3 28.bxc3
Nc4 29.Be4 Ncd6 30.Bg2 Qc8 31.Be5 Qxc3 32.Bxg7+ Kxg7 33.Rxe8 Rxe8 34.Rf2 
a5 35.Qf4 Qc4 36.Bf1 Qxa2 37.Nb4 Qa1 38.Nc2 Qd1 39.Rd2 Qc1 40.Kg2 Re4 41.
Qf2 Rg4+ 42.Kf3 Rg3+ 43.Kf4 Kf6 0-1

[Event "POL-chT2"]
[Site "Poronin POL"]
[Date "2016.09.04"]
[Round "2.30"]
[White "Lach, Aleksandra"]
[Black "Chmiel, Dominika"]
[Result "1-0"]
[WhiteElo "2154"]
[BlackElo "2102"]
[EventDate "2016.09.02"]

1.e4 e5 2.Nf3 Nc6 3.Bc4 Bc5 4.O-O Nf6 5.d3 d6 6.c3 a6 7.a4 O-O 8.Bg5 h6 9.
Bh4 g5 10.Bg3 Bg4 11.Nbd2 Nh5 12.Kh1 Nf4 13.Bxf4 gxf4 14.h3 Bd7 15.b4 Bb6 
16.a5 Ba7 17.b5 axb5 18.Bxb5 Qf6 19.Nc4 Kh7 20.d4 Rad8 21.Qb1 exd4 22.Bxc6
Bxc6 23.cxd4 Rb8 24.d5 Bd7 25.e5+ Qg6 26.Qxg6+ fxg6 27.exd6 Bb5 28.dxc7 
Rbc8 29.Rfc1 Rxc7 30.Nd6 Rxc1+ 31.Rxc1 Be2 32.Nxb7 Rf7 33.Nd6 Rd7 34.Ne4 
Kg7 35.d6 Bxf3 36.Rc7 Bxe4 37.Rxd7+ Kf6 38.Rxa7 Bc6 39.Rc7 Bb5 40.Rb7 Bc4 
41.Rb4 1-0

[Event "POL-chT2"]
[Site "Poronin POL"]
[Date "2016.09.05"]
[Round "3.1"]
[White "Ponizil, Cyril"]
[Black "Jakubowski, Krzysztof"]
[Result "0-1"]
[WhiteElo "2521"]
[BlackElo "2529"]
[EventDate "2016.09.02"]

1.e4 e5 2.Nf3 Nc6 3.d4 exd4 4.Nxd4 Nf6 5.Nxc6 bxc6 6.Qe2 Bb4+ 7.c3 Be7 8.
e5 Nd5 9.c4 Nb6 10.Qg4 g6 11.Bh6 d5 12.Qf4 Nxc4 13.Bxc4 dxc4 14.Nd2 c3 15.
bxc3 Ba6 16.Qa4 Bb5 17.Qb3 Bg5 18.Bxg5 Qxg5 19.O-O-O O-O 20.c4 Ba6 21.Qg3 
Qf5 22.Qa3 Bc8 23.Qe3 Rb8 24.h3 Rd8 25.Nb3 Ba6 26.c5 Qe6 27.Qc3 Bc4 28.
Rxd8+ Rxd8 29.Rd1 Rxd1+ 30.Kxd1 Qd5+ 31.Nd2 Bxa2 32.Qa3 a6 33.f3 Bc4 34.
Qc3 Bd3 35.Ke1 a5 36.Kf2 a4 37.h4 h5 38.Ke3 Bf5 39.g4 hxg4 40.fxg4 Bxg4 
41.Ne4 Qb3 42.Kf4 Bf5 43.Nf6+ Kg7 44.Qd4 Qd3 45.Qxa4 Qf1+ 46.Kg3 Qe1+ 47.
Kf3 Qxe5 48.Ng4 Qd5+ 49.Kg3 Qd3+ 50.Kf4 Qf1+ 51.Ke3 Qh3+ 0-1

[Event "POL-chT2"]
[Site "Poronin POL"]
[Date "2016.09.05"]
[Round "3.2"]
[White "Jaworski, Miroslaw"]
[Black "Piesik, Piotr"]
[Result "0-1"]
[WhiteElo "2263"]
[BlackElo "2298"]
[EventDate "2016.09.02"]

1.d4 Nf6 2.c4 g6 3.g3 c6 4.Bg2 d5 5.cxd5 cxd5 6.Nc3 Bg7 7.Nf3 O-O 8.O-O 
Ne4 9.Ne5 Nxc3 10.bxc3 Nc6 11.Nxc6 bxc6 12.Qa4 Qb6 13.Ba3 Qa6 14.Qxa6 Bxa6
15.Rfe1 Rfe8 16.e4 e6 17.Bc5 Reb8 18.exd5 cxd5 19.Bf1 Bxf1 20.Kxf1 Bf8 21.
Bxf8 Kxf8 22.Rab1 Rb6 23.Rb3 Rc8 24.Ke2 Rxb3 25.axb3 Rxc3 26.Ra1 Rxb3 27.
Rxa7 g5 28.Ra2 Kg7 29.f3 h5 30.Rd2 g4 31.fxg4 hxg4 32.Kf2 Rf3+ 33.Kg2 Re3 
34.h3 gxh3+ 35.Kxh3 Re4 36.Rd1 f5 37.Rd2 Kf6 38.Rd3 Ke7 39.Kg2 Kd6 40.Kf3 
Kc6 41.Rc3+ Kb5 42.Rc5+ Kb6 0-1

[Event "POL-chT2"]
[Site "Poronin POL"]
[Date "2016.09.05"]
[Round "3.3"]
[White "Paszewski, Mateusz"]
[Black "Polok, Kacper"]
[Result "0-1"]
[WhiteElo "2272"]
[BlackElo "2299"]
[EventDate "2016.09.02"]

1.e4 e6 2.d4 d5 3.Nd2 Nf6 4.e5 Nfd7 5.Bd3 c5 6.c3 Nc6 7.Ne2 cxd4 8.cxd4 f6
9.exf6 Nxf6 10.Nf3 Bd6 11.O-O O-O 12.Bf4 Bxf4 13.Nxf4 Ne4 14.Qc1 Ng5 15.
Nxg5 Qxg5 16.Bxh7+ Kxh7 17.Nxe6 Qxc1 18.Nxf8+ Kg8 19.Raxc1 Kxf8 20.Rfd1 
Bf5 21.f3 g5 22.g4 Bg6 23.Rc5 Rd8 24.a3 Ke7 25.b4 Kd6 26.Rc3 a6 27.Kf2 Rh8
28.Kg3 Re8 29.Kf2 Rf8 30.Rd2 Nd8 31.Re3 Ne6 32.Kg3 Rc8 33.Rd1 Rc4 34.h4 
gxh4+ 35.Kxh4 Nxd4 36.Rde1 Nf5+ 37.Kg5 Nxe3 38.Rxe3 d4 39.Re1 Bc2 40.Re2 
d3 41.Rf2 Rd4 42.Rd2 Ke5 0-1

[Event "POL-chT2"]
[Site "Poronin POL"]
[Date "2016.09.05"]
[Round "3.4"]
[White "Obrusnik, Michal"]
[Black "Ciesla, Adam"]
[Result "1/2-1/2"]
[WhiteElo "2276"]
[BlackElo "2291"]
[EventDate "2016.09.02"]

1.e4 Nc6 2.Nf3 e5 3.Bb5 Nf6 4.d3 Bc5 5.Bxc6 dxc6 6.Nbd2 Ng4 7.O-O Be6 8.
Nb3 Bxb3 9.axb3 Qd6 10.h3 Nf6 11.Qe2 Bb6 12.Nd2 O-O 13.Nc4 Qe6 14.Kh2 Rfe8
15.Bd2 Bd4 16.Bc3 Bxc3 17.bxc3 g6 18.Qe3 a6 19.f4 exf4 20.Qxf4 Nh5 21.Qxc7
b5 22.Nd2 Re7 23.Qa5 Qe5+ 24.Kg1 Nf4 25.Nf3 Qc5+ 26.Kh2 Qd6 27.g3 Ne2 28.
e5 Rxe5 29.Nxe5 Qxe5 30.Rf3 h5 31.Qb4 Re8 32.Re1 Qg5 33.Qf4 Nxf4 34.Rxe8+ 
Kg7 35.gxf4 Qf6 36.Re5 a5 37.d4 Qd6 38.Kg3 f6 39.Rc5 a4 40.bxa4 bxa4 41.
Ra5 a3 42.Kf2 h4 43.Ke2 Kh6 44.c4 Qxd4 45.Raxa3 Qxc4+ 46.Kd2 Qb4+ 47.Kc1 
Qe1+ 48.Kb2 Qe4 49.Rae3 Qd4+ 50.Kb3 c5 51.Ka2 Kh5 52.Rc3 Kh6 53.Rcd3 Qb4 
54.Rb3 Qc4 55.Kb1 Qe4 56.Rbe3 Qb4+ 57.Rb3 Qe1+ 58.Kb2 Qe4 59.Rbe3 Qd4+ 60.
Kc1 Kg7 61.Rd3 Qa1+ 62.Kd2 Qa5+ 63.Ke2 Qb5 64.Kd2 Kf7 65.f5 Qb4+ 66.Kd1 
gxf5 67.Rxf5 c4 68.Rdf3 c3 69.Rxf6+ Ke7 70.Rf7+ Ke8 71.Rf8+ 1/2-1/2

[Event "POL-chT2"]
[Site "Poronin POL"]
[Date "2016.09.05"]
[Round "3.5"]
[White "Tomaszewski, Roman"]
[Black "Orzechowski, Jacek"]
[Result "1/2-1/2"]
[WhiteElo "2296"]
[BlackElo "2135"]
[EventDate "2016.09.02"]

1.Nf3 d5 2.c4 c6 3.e3 Nf6 4.Nc3 g6 5.d4 Bg7 6.Bd2 O-O 7.Rc1 dxc4 8.Bxc4 
Bg4 9.h3 Bxf3 10.Qxf3 Nbd7 11.Qe2 Rc8 12.f4 c5 13.dxc5 Nxc5 14.O-O a6 15.
Rfd1 b5 16.Be1 Qe8 17.Nxb5 axb5 18.Bxb5 Ncd7 19.Bc3 Rc7 20.Bxf6 Rxc1 21.
Rxc1 Bxf6 22.Rc7 Qa8 23.Rxd7 Qxa2 24.Bc4 Qb1+ 25.Rd1 Qxb2 26.Qxb2 Bxb2 27.
Rd3 Rc8 28.Bb3 Rc3 29.Rxc3 Bxc3 30.Kf2 e5 31.Kf3 exf4 32.Ke4 1/2-1/2

[Event "POL-chT2"]
[Site "Poronin POL"]
[Date "2016.09.05"]
[Round "3.6"]
[White "Zemlickova, Olena"]
[Black "Lach, Aleksandra"]
[Result "0-1"]
[WhiteElo "2091"]
[BlackElo "2154"]
[EventDate "2016.09.02"]

1.d4 f5 2.g3 Nf6 3.Bg2 g6 4.c4 Bg7 5.Nc3 O-O 6.Nh3 Nc6 7.O-O d6 8.d5 Ne5 
9.b3 c5 10.Bd2 a6 11.a4 Rb8 12.Qc2 Ne8 13.Rfb1 Nc7 14.Nf4 Qe8 15.a5 Kh8 
16.Ra2 Bd7 17.h4 Qf7 18.Rf1 Ng4 19.Qd3 Ne5 20.Qc2 Ng4 21.Qd3 Bd4 22.Nd1 
Qg7 23.Bc3 Bxc3 24.Nxc3 b6 25.axb6 Rxb6 26.Nb1 Ne5 27.Qe3 Ng4 28.Qd3 Ne5 
29.Qe3 h6 30.Nd2 Rfb8 31.Ra3 Kg8 32.Nd3 Ng4 33.Qf3 Ne5 34.Nxe5 Qxe5 35.Qd3
Ne8 36.Rfa1 Bc8 37.R3a2 Ng7 38.Qe3 Qxe3 39.fxe3 Nh5 40.Kf2 Nf6 41.Bf3 Kf7 
42.Ra3 Ke8 43.R3a2 Kd8 44.Ra3 Kc7 45.R1a2 Kd7 46.Ra1 e5 47.e4 Ke7 48.exf5 
gxf5 49.e3 Kd8 50.R1a2 Kc7 51.Ra1 Rb4 52.R1a2 R4b6 53.Ra1 e4 54.Be2 Bb7 
55.R1a2 Rg8 56.Ra1 Bc8 57.R1a2 Rb8 58.Ra1 Rg7 59.Rg1 Bb7 60.Raa1 Rbg8 61.
Ra3 Nd7 62.Raa1 Ne5 63.Ra3 Ng6 64.Raa1 Bc8 65.Bh5 Ne5 66.Be2 Kb6 67.Ra2 
Rf8 68.Raa1 a5 69.Rgf1 Bd7 70.Rg1 Be8 71.Rgf1 Nd7 72.Rg1 Nf6 73.Rg2 Rfg8 
74.Rag1 Ka6 75.Ra1 Kb6 76.Rag1 Bf7 77.Bd1 Be8 78.Be2 Rf8 79.Ke1 Bd7 80.Rf1
Rfg8 81.Rfg1 Kc7 82.Kf2 Be8 83.Bd1 Rf8 84.Ke1 Bd7 85.Rf1 Rfg8 86.Rfg1 Kd8 
87.Kf2 Ke7 88.Be2 a4 89.bxa4 Bxa4 90.Rb1 Bd7 91.Rgg1 Ra8 92.Ra1 Rgg8 93.
Rgb1 Rxa1 94.Rxa1 Rb8 95.Ra2 Rb7 96.Ke1 Be8 97.Kf2 Bg6 98.Ke1 Nd7 99.g4 
fxg4 100.Bxg4 Ne5 101.Be2 Bf5 102.Kf2 Nd7 103.Kg3 Rb8 104.Kf4 Rf8 105.Kg3 
Rg8+ 106.Kf2 Kf6 107.Ra6 Ke5 108.Ra7 Rb8 109.Ra2 Rf8 110.Kg3 Rg8+ 111.Kf2 
Bh3 112.Ra7 Bf5 113.Nf1 Bh3 114.Nd2 Rg2+ 115.Ke1 Rh2 116.Ra8 Nf6 117.Ra7 
Bd7 118.h5 Rh4 119.Nf1 Kf5 120.Ng3+ Kg5 121.Kf2 Rh2+ 122.Kg1 Rh3 123.Kg2 
Kh4 124.Nxe4 Nxe4 125.Rxd7 Rxe3 126.Bf3 Nd2 127.Bd1 Nxc4 128.Kf2 Ra3 129.
Be2 Nd2 130.Ke1 Ne4 131.Bb5 Ra1+ 132.Ke2 Nc3+ 0-1

[Event "POL-chT2"]
[Site "Poronin POL"]
[Date "2016.09.05"]
[Round "3.7"]
[White "Lubczynski, Rafal"]
[Black "Krzywda, Andrzej"]
[Result "0-1"]
[WhiteElo "2431"]
[BlackElo "2148"]
[EventDate "2016.09.02"]

1.d4 Nf6 2.c4 e6 3.g3 d5 4.Nf3 Bb4+ 5.Bd2 Bd6 6.Bg2 O-O 7.Qc2 c6 8.O-O 
Nbd7 9.b3 Ne4 10.Bf4 Bxf4 11.gxf4 Qf6 12.e3 c5 13.cxd5 exd5 14.Nc3 Nxc3 
15.Qxc3 Rd8 16.Rac1 b6 17.dxc5 Qxc3 18.Rxc3 Nxc5 19.Ne5 Bb7 20.b4 d4 21.
Bxb7 Nxb7 22.Rc7 Nd6 23.Nc6 Nb5 24.Nxd8 Nxc7 25.Nc6 dxe3 26.fxe3 Re8 27.
Kf2 Nd5 28.Re1 f5 29.a3 a6 30.h3 g6 31.Rd1 Nf6 32.Ke2 Kg7 33.Rd6 Ne4 34.
Rd7+ Kf6 35.Rb7 b5 36.Ra7 Re6 37.Nb8 Rd6 38.Rxa6 Ke6 39.h4 h6 40.Ke1 Kd5 
41.Rxd6+ Kxd6 42.Ke2 Kc7 43.Na6+ Kb6 44.Nb8 Nf6 45.Kd3 Kb7 46.Kd4 Kxb8 47.
Kc5 Ng4 48.Kxb5 Nxe3 49.Kc6 Ng2 50.a4 Nxf4 51.b5 Ne6 52.Kd5 f4 0-1

[Event "POL-chT2"]
[Site "Poronin POL"]
[Date "2016.09.05"]
[Round "3.8"]
[White "Zgadzaj, Rafal"]
[Black "Chojnacki, Krzysztof"]
[Result "0-1"]
[WhiteElo "2142"]
[BlackElo "2369"]
[EventDate "2016.09.02"]

1.c4 f5 2.g3 Nf6 3.Bg2 d6 4.Nc3 g6 5.b4 Bg7 6.Rb1 O-O 7.d3 e5 8.Qc2 c6 9.
Nf3 e4 10.dxe4 fxe4 11.Ng5 d5 12.O-O h6 13.Nh3 d4 14.Nd1 Bf5 15.Nf4 Qd7 
16.h3 g5 17.g4 Bh7 18.Nh5 Nxh5 19.gxh5 e3 20.Qb3 Bxb1 21.Qxb1 Qe6 22.fxe3 
Rxf1+ 23.Bxf1 Nd7 24.exd4 Bxd4+ 25.e3 Bg7 26.Nf2 Rf8 27.Ng4 Ne5 28.Be2 
Nxg4 29.hxg4 Qf6 30.Qf5 Qd6 31.Qe4 Qg3+ 32.Kh1 Qe1+ 33.Kg2 Qxe2+ 0-1

[Event "POL-chT2"]
[Site "Poronin POL"]
[Date "2016.09.05"]
[Round "3.9"]
[White "Musialkiewicz, Jan"]
[Black "Malecki, Rafal"]
[Result "1-0"]
[WhiteElo "2264"]
[BlackElo "2027"]
[EventDate "2016.09.02"]

1.e4 d6 2.d4 Nf6 3.Nc3 g6 4.Bg5 Nbd7 5.f4 h6 6.Bh4 c5 7.e5 g5 8.Bf2 cxd4 
9.Bxd4 gxf4 10.exf6 e5 11.Bf2 Nxf6 12.Bh4 Be7 13.Nf3 Be6 14.Bb5+ Kf8 15.
Qe2 Qa5 16.Nxe5 dxe5 17.Qxe5 Kg7 18.O-O Qb6+ 19.Kh1 Qe3 20.Ne4 Bd5 21.
Bxf6+ Bxf6 22.Qxf6+ Kg8 23.Rae1 1-0

[Event "POL-chT2"]
[Site "Poronin POL"]
[Date "2016.09.05"]
[Round "3.10"]
[White "Sztwiertnia, Jan Krzysztof"]
[Black "Musialkiewicz, Pawel"]
[Result "0-1"]
[WhiteElo "2128"]
[BlackElo "2278"]
[EventDate "2016.09.02"]

1.e4 e6 2.d4 d5 3.Nc3 Nf6 4.e5 Nfd7 5.f4 c5 6.Nf3 Nc6 7.Be3 Be7 8.Qd2 O-O 
9.Be2 a6 10.O-O b5 11.a3 Qb6 12.Nd1 a5 13.c3 Bb7 14.Bf2 b4 15.axb4 axb4 
16.Ne3 Ba6 17.Bxa6 Rxa6 18.f5 Rfa8 19.Rxa6 Rxa6 20.fxe6 fxe6 21.h4 cxd4 
22.cxd4 Ra8 23.Nc2 b3 24.Nce1 Qb4 25.Qf4 Rf8 26.Qg4 Rf5 27.Nd3 Qc4 28.Nf4 
Ndxe5 29.Nxe5 Nxe5 30.Qg3 Ng6 31.Nxg6 hxg6 32.Qxg6 Qe2 33.Qe8+ Bf8 34.Qc8 
Kf7 35.Qb7+ Be7 36.Qxb3 Bxh4 37.Qe3 Qa6 38.Qa3 Qb5 39.g3 Bf6 40.Kg2 Bxd4 
41.g4 Rf4 42.Qd6 Rxf2+ 43.Rxf2+ Bxf2 44.Qc7+ Kg6 45.Qc2+ Kg5 46.Kxf2 Qc4 
47.Qh7 Qd4+ 48.Ke1 Qxb2 49.Qh5+ Kf4 50.Kf1 Qc1+ 51.Ke2 Qe3+ 52.Kf1 Kg3 0-1

[Event "POL-chT2"]
[Site "Poronin POL"]
[Date "2016.09.05"]
[Round "3.11"]
[White "Bardeli, Lukasz"]
[Black "Szajda, Marcin"]
[Result "1-0"]
[WhiteElo "2188"]
[BlackElo "2033"]
[EventDate "2016.09.02"]

1.Nf3 Nf6 2.c4 g6 3.g3 Bg7 4.Bg2 d6 5.O-O O-O 6.Nc3 c6 7.d4 Qa5 8.h3 Be6 
9.Qd3 Qa6 10.b3 d5 11.Ng5 dxc4 12.Qb1 Nd5 13.Nxe6 Nxc3 14.Qc2 cxb3 15.Qxc3
fxe6 16.Qxb3 Bxd4 17.Qxe6+ Kg7 18.Qxe7+ Rf7 19.Bh6+ Kxh6 20.Qxf7 Bxa1 21.
Rxa1 Qb6 22.Qf8+ Kh5 23.Bf3+ Kg5 24.h4# 1-0

[Event "POL-chT2"]
[Site "Poronin POL"]
[Date "2016.09.05"]
[Round "3.12"]
[White "Chmiel, Dominika"]
[Black "Golek, Jagoda"]
[Result "1-0"]
[WhiteElo "2102"]
[BlackElo "2044"]
[EventDate "2016.09.02"]

1.e4 e6 2.d4 d5 3.e5 c5 4.c3 Nc6 5.Nf3 Bd7 6.Be2 Nge7 7.O-O Nf5 8.Bd3 c4 
9.Bc2 Be7 10.Nbd2 b5 11.Re1 a5 12.Nf1 h5 13.Bf4 g5 14.Bc1 g4 15.N3d2 Qc7 
16.Ne3 Nxe3 17.Rxe3 O-O-O 18.b3 Rdg8 19.a4 cxb3 20.Nxb3 b4 21.Bd2 h4 22.
Rc1 Qb6 23.cxb4 axb4 24.a5 Qa7 25.Bd3 Kd8 26.Re1 g3 27.fxg3 hxg3 28.h3 Rh4
29.Be3 Bg5 30.Bxg5+ Rxg5 31.Rxc6 Bxc6 32.Qc1 Rg7 33.Qxc6 f5 34.exf6 Rd7 
35.Bb5 Rhh7 36.Rxe6 Rhf7 37.Qb6+ Qxb6 38.axb6 1-0

[Event "POL-chT2"]
[Site "Poronin POL"]
[Date "2016.09.05"]
[Round "3.13"]
[White "Janaszak, Dawid"]
[Black "Urban, Klaudiusz"]
[Result "0-1"]
[WhiteElo "2384"]
[BlackElo "2418"]
[EventDate "2016.09.02"]

1.d4 Nf6 2.c4 g6 3.Nc3 Bg7 4.e4 d6 5.Be2 O-O 6.Be3 Nbd7 7.g4 c6 8.g5 Ne8 
9.h4 Nc7 10.h5 b5 11.hxg6 hxg6 12.f4 Nb6 13.cxb5 cxb5 14.Qc2 b4 15.Nb5 
Nxb5 16.Bxb5 Bd7 17.Qh2 f5 18.Qh7+ Kf7 19.Rh6 Rg8 20.Qxg6+ Kf8 21.Rh7 fxe4
22.Bxd7 Qxd7 23.Qxe4 d5 24.Qd3 Nc4 25.Rh2 Qg4 26.Kf2 Nxb2 27.Qe2 Qxe2+ 28.
Nxe2 Rc8 29.Kf3 e6 30.Rc1 Nc4 31.Rhh1 Kf7 32.Rhg1 Rh8 33.g6+ Kf6 34.Bf2 
Rh6 35.Ng3 Rxg6 36.Nh5+ Kf7 37.Rxg6 Kxg6 38.Rg1+ Kxh5 39.Rxg7 a5 40.Re7 
Rc6 41.Be1 Kg6 42.Ra7 Rb6 43.Kg4 Rd6 44.Bf2 Rc6 45.Ra8 Rd6 46.Ra7 Rb6 47.
Be1 Ne3+ 48.Kf3 b3 49.axb3 Rxb3 50.Bxa5 Nf5+ 51.Kg2 Nxd4 52.Bc7 Kf5 53.Be5
Nf3 54.Bd6 Nh4+ 55.Kf2 Rb6 56.Bc7 Rc6 57.Bb8 Ke4 58.Ra4+ d4 59.Ke2 Nf5 60.
Be5 Rb6 61.Kd2 Rb2+ 62.Kc1 Rg2 63.Bb8 Rf2 64.Bc7 Ne3 65.Bb8 Rc2+ 66.Kb1 
Rc4 67.Rxc4 Nxc4 68.Kc1 Ne3 69.Kd2 Nd5 0-1

[Event "POL-chT2"]
[Site "Poronin POL"]
[Date "2016.09.05"]
[Round "3.14"]
[White "Przybylski, Wojciech"]
[Black "Dudzinski, Piotr"]
[Result "1-0"]
[WhiteElo "2337"]
[BlackElo "2379"]
[EventDate "2016.09.02"]

1.e4 e6 2.d4 d5 3.Nd2 dxe4 4.Nxe4 Bd7 5.Bd3 Bc6 6.Nf3 Nd7 7.O-O Ngf6 8.
Ned2 Be7 9.c4 O-O 10.Qc2 b6 11.b3 Bb7 12.Bb2 c5 13.Rad1 Qc7 14.Rfe1 cxd4 
15.Bxd4 Qf4 16.Be3 Qg4 17.h3 Qh5 18.Bg5 Nc5 19.Bf5 Rfe8 20.Bxf6 Bxf6 21.
Be4 Nxe4 22.Nxe4 Qg6 23.Nxf6+ Qxf6 24.Ne5 Rad8 25.Rxd8 Rxd8 26.Rd1 h6 27.
Ng4 Qe7 28.Ne3 Rd7 29.Kf1 f5 30.f3 Rxd1+ 31.Qxd1 Qc5 32.Qd2 Bc6 33.a4 Kh7 
34.Ke2 Qe5 35.Kf2 h5 36.Nc2 h4 37.Nd4 Bd7 38.f4 Qc5 39.Qe3 Kg6 40.Nf3 
Qxe3+ 41.Kxe3 Kh5 42.Kd4 a5 43.Ke5 Bc6 44.Kxe6 Be4 45.Ke5 g6 46.Kd4 Bc2 
47.Kc3 Be4 48.b4 axb4+ 49.Kxb4 Bd3 50.Kb5 Bf1 51.Kxb6 Bxc4 52.a5 Bf1 53.
Ne1 g5 54.a6 Bc4 55.Nf3 g4 56.a7 Bd5 57.Nd4 Bxg2 58.Nc6 gxh3 59.a8=Q h2 
60.Qe8+ Kg4 61.Qe2+ Kg3 62.Qe1+ Kh3 63.Qe3+ Kg4 64.Ne5+ 1-0

[Event "POL-chT2"]
[Site "Poronin POL"]
[Date "2016.09.05"]
[Round "3.15"]
[White "Dudzinski, Pawel"]
[Black "Kaczmarek, Aleksander"]
[Result "1/2-1/2"]
[WhiteElo "2232"]
[BlackElo "2332"]
[EventDate "2016.09.02"]

1.e4 c6 2.d4 d5 3.exd5 cxd5 4.Bd3 Nc6 5.c3 Qc7 6.Ne2 Bg4 7.f3 Bd7 8.Bf4 e5
9.dxe5 Nxe5 10.O-O Bd6 11.Na3 a6 12.Nc2 Ne7 13.Ned4 O-O 14.Qd2 f5 15.Bxe5 
Bxe5 16.f4 Bd6 17.g3 Rf6 18.Nf3 Ng6 19.Ncd4 Raf8 20.Rae1 h6 21.Rf2 Bc5 22.
Rfe2 Nh8 23.Ne5 Bc8 24.Bc2 b5 25.Bb3 Bb7 26.h4 Nf7 27.Nxf7 R8xf7 28.Kh2 
Bb6 29.Re8+ Kh7 30.h5 Qd6 31.Bc2 Bxd4 32.Qxd4 Rf8 33.R8e7 R8f7 34.Re8 Rf8 
35.R8e7 R8f7 36.Rxf7 Rxf7 37.Qe5 Qf8 38.Qe8 Bc8 39.Qxf8 Rxf8 40.Kg2 Rd8 
41.Kf2 b4 42.cxb4 d4 43.Bd3 Kg8 44.Re7 Kf8 45.Ra7 Re8 46.Bxa6 Bxa6 47.Rxa6
d3 48.Ra5 Re2+ 49.Kf3 Rxb2 50.Rxf5+ Ke7 51.Rd5 d2 52.a3 Ra2 53.Kg4 Rxa3 
54.Rxd2 Rb3 55.Rd4 Ke6 56.Rc4 Kf7 57.Rc7+ Kg8 58.Rb7 Kh7 59.Rb8 Re3 60.b5 
Rb3 61.b6 Rc3 62.b7 Rb3 63.Kf5 Rb5+ 64.Ke6 Rb6+ 65.Ke7 Rb4 66.Kf8 Rb5 67.
g4 Rb4 68.g5 hxg5 69.fxg5 g6 70.Kf7 Rf4+ 71.Ke6 Rb4 72.Re8 Rb6+ 73.Kf7 
Rxb7+ 74.Re7 Rb6 75.h6 Ra6 76.Re6 Ra5 77.Re7 Rxg5 78.Kf6+ Kxh6 79.Rh7+ 
Kxh7 80.Kxg5 Kg7 81.Kg4 Kf6 82.Kf4 g5+ 83.Kg4 Kg6 84.Kg3 Kf5 85.Kf3 g4+ 
86.Kg3 Kg5 87.Kg2 Kf4 88.Kf2 g3+ 89.Kg2 Kg4 90.Kg1 Kh3 91.Kh1 g2+ 92.Kg1 
Kg3 1/2-1/2

[Event "POL-chT2"]
[Site "Poronin POL"]
[Date "2016.09.05"]
[Round "3.16"]
[White "Reza, Wojciech"]
[Black "Szadkowski, Kamil"]
[Result "0-1"]
[WhiteElo "2310"]
[BlackElo "2198"]
[EventDate "2016.09.02"]

1.e4 e5 2.f4 d5 3.exd5 e4 4.d3 Qxd5 5.Nc3 Bb4 6.Bd2 Bxc3 7.Bxc3 Ne7 8.Qd2 
O-O 9.dxe4 Qxe4+ 10.Ne2 Nbc6 11.O-O-O Bg4 12.Qd3 Qe6 13.Qg3 Rad8 14.Re1 
Qxa2 15.b3 Nb4 16.Bb2 Rd2 17.Nd4 Nf5 18.Qc3 Rxd4 19.Bc4 Qa5 20.Kb1 Rfd8 
21.Bd3 Qa2+ 22.Kc1 Nxd3+ 23.cxd3 R4d6 24.Re4 Nd4 25.Rhe1 h6 26.Rxd4 Rxd4 
27.Re5 Be6 28.Rb5 f6 29.Qe1 R4d6 30.Rc5 Qxb3 31.f5 Bf7 32.Rc3 Rc6 33.Rxc6 
bxc6 0-1

[Event "POL-chT2"]
[Site "Poronin POL"]
[Date "2016.09.05"]
[Round "3.17"]
[White "Michalski, Filip"]
[Black "Schmidt, Wlodzimierz"]
[Result "1/2-1/2"]
[WhiteElo "2151"]
[BlackElo "2289"]
[EventDate "2016.09.02"]

1.d4 Nf6 2.c4 g6 3.Nc3 d5 4.e3 Bg7 5.Qb3 e6 6.Qa3 Nc6 7.Nf3 Ne7 8.Be2 O-O 
9.O-O b6 10.b4 Bb7 11.Qb3 dxc4 12.Qxc4 Nfd5 13.Bb2 c6 14.Rac1 Qd6 15.a3 
Rfc8 16.Qb3 Qb8 17.Rfd1 a5 18.Ne4 axb4 19.axb4 Nf6 20.Ned2 Ned5 21.Ne5 Qd6
22.Ndc4 Qd8 23.Nd3 Ba6 24.Nce5 Bb5 25.Ra1 Bf8 26.Bf3 Nd7 27.e4 Nc7 28.Rdc1
Nxe5 29.Nxe5 Rxa1 30.Bxa1 Na6 1/2-1/2

[Event "POL-chT2"]
[Site "Poronin POL"]
[Date "2016.09.05"]
[Round "3.18"]
[White "Dmochowska, Agnieszka"]
[Black "Magnucka, Milena"]
[Result "1-0"]
[WhiteElo "1995"]
[BlackElo "1994"]
[EventDate "2016.09.02"]

1.e4 c5 2.Nf3 d6 3.d4 cxd4 4.Nxd4 Nf6 5.Nc3 a6 6.Bg5 e6 7.f4 h6 8.Bh4 Qb6 
9.Bxf6 gxf6 10.Qd3 Qxb2 11.Nb3 Qa3 12.Be2 Qb4 13.O-O Nd7 14.Kh1 Nc5 15.
Nxc5 Qxc5 16.f5 Bd7 17.Bh5 O-O-O 18.Bxf7 exf5 19.exf5 d5 20.Nxd5 Bc6 21.
Rfd1 Bd6 22.Rab1 Bxd5 23.Bxd5 Rh7 24.Rb3 Rc7 25.Rdb1 b5 26.a4 Qxc2 27.Be6+
Kb8 28.Rxb5+ Ka7 29.Qxc2 Rxc2 30.Rb7+ Ka8 31.Bd5 1-0

[Event "POL-chT2"]
[Site "Poronin POL"]
[Date "2016.09.05"]
[Round "3.19"]
[White "Gritsak, Orest"]
[Black "Vovk, Yuri"]
[Result "1/2-1/2"]
[WhiteElo "2497"]
[BlackElo "2596"]
[EventDate "2016.09.02"]

1.Nf3 c5 2.c4 Nc6 3.Nc3 e5 4.e3 Nf6 5.a3 Be7 6.d4 exd4 7.exd4 d5 8.Be3 Bg4
9.cxd5 Bxf3 10.gxf3 Nxd5 11.Nxd5 Qxd5 12.dxc5 Qe5 13.Qc2 Rd8 14.Bd3 Bxc5 
15.f4 Qe7 16.O-O-O Bxe3+ 17.fxe3 Qxe3+ 18.Kb1 O-O 19.Bxh7+ Kh8 20.Be4 Qxf4
21.Bxc6 bxc6 22.Qxc6 Rxd1+ 23.Rxd1 f5 24.Qd5 Kh7 25.Rd4 Qh6 26.Qc5 Rf6 27.
h4 Qe3 28.Qd5 Kh6 29.Qd8 Kh5 30.Qh8+ Qh6 31.Qe8+ Qg6 32.Qh8+ Qh6 33.Qe8+ 
Qg6 1/2-1/2

[Event "POL-chT2"]
[Site "Poronin POL"]
[Date "2016.09.05"]
[Round "3.20"]
[White "Stopa, Jacek"]
[Black "Stoma, Pawel"]
[Result "1-0"]
[WhiteElo "2455"]
[BlackElo "2333"]
[EventDate "2016.09.02"]

1.d4 d5 2.c4 c6 3.Nc3 Nf6 4.cxd5 cxd5 5.Bf4 Nc6 6.e3 a6 7.Be2 h6 8.Rc1 e6 
9.Nf3 Nh5 10.Be5 Nf6 11.O-O Be7 12.h3 Nxe5 13.dxe5 Nd7 14.e4 dxe4 15.Nxe4 
O-O 16.Qd4 Nb6 17.Rfd1 Qxd4 18.Rxd4 Nd5 19.Bc4 Nb4 20.a3 Nc6 21.Rd2 Rd8 
22.Rxd8+ Nxd8 23.Bb3 Nc6 24.Rd1 Kf8 25.Kf1 Rb8 26.Nd6 Bxd6 27.Rxd6 Ke7 28.
Rd2 Bd7 29.Ke2 Na5 30.Ba2 Bb5+ 31.Ke3 Bf1 32.Ne1 Rc8 33.f4 Rc1 34.Nd3 Bxd3
35.Kxd3 g5 36.fxg5 hxg5 37.Re2 Ra1 38.b4 Nc6 39.Kc3 Rc1+ 40.Kb2 Rd1 41.Bb3
Rd3 42.Bc4 Rg3 43.Ba2 Nd4 44.Rd2 Nc6 45.Re2 Nd4 46.Rd2 Nf5 47.Rc2 Kd7 48.
Rf2 Ke8 49.Bd5 b5 50.Bf3 Nd4 51.Bh5 Nf5 52.Bf3 Ke7 53.Rd2 Ne3 54.Re2 Nc4+ 
55.Kc3 f5 56.exf6+ Kxf6 57.Kd4 e5+ 58.Kc5 Nxa3 59.Ra2 Nb1 60.Rxa6+ Ke7 61.
Bd5 Kd7 62.Ra7+ Ke8 63.Kd6 Ra3 64.Re7+ Kf8 65.Rf7+ Ke8 66.Rf1 1-0